| 000 | 00935cab a2200277 4500 | ||
|---|---|---|---|
| 001 | ABS53474 | ||
| 008 | 090401t1995 xxu||||| |||| 00| 0 eng d | ||
| 035 | _a(Sirsi) u4515 | ||
| 041 | _aeng | ||
| 100 | _aAkerman, G. | ||
| 245 | _aMapping the territory | ||
| 260 | _c1995 | ||
| 350 | _a0 | ||
| 490 |
_aEstates Europe _v4(2) August 1995, 8-9(2) |
||
| 520 | _aPlanning policy is moving up the EC agenda. This article looks at progress so far with the publication of the Commission`s report, "Europe 2000+ - co-operation for European territorial development", and at aspirations of future integration. | ||
| 650 | _aEUROPE 2000+ | ||
| 650 | _aEUROPEAN INTEGRATION | ||
| 650 | _aEUROPEAN UNION | ||
| 650 | _aINTERGOVERNMENTAL CONFERENCE | ||
| 650 | _aPLANNING OBSERVATORIES | ||
| 650 | _aREGIONAL PLANNING | ||
| 690 | _aEUROPE-SINGLE MARKET | ||
| 690 | _aPLANNING LAW AND PRACTICE | ||
| 942 | _n0 | ||
| 948 | _c04/03/1997 | ||
| 999 |
_c2722 _d2722 |
||